A szeged-vidéki parasztház és az alföldi magyar háztípus
Elmentve itt :
| Szerző: | |
|---|---|
| Dokumentumtípus: | Cikk |
| Megjelent: |
1933
|
| Sorozat: | Népünk és nyelvünk
5 |
| Kulcsszavak: | Néprajztudomány |
| Online Access: | http://acta.bibl.u-szeged.hu/19821 |
| LEADER | 00600nab a2200169 i 4500 | ||
|---|---|---|---|
| 001 | acta19821 | ||
| 005 | 20210712094341.0 | ||
| 008 | 161015s1933 hu o 0|| hun d | ||
| 040 | |a SZTE Egyetemi Kiadványok Repozitórium |b hun | ||
| 041 | |a hun | ||
| 100 | 2 | |a Cs. Sebestyén Károly | |
| 245 | 1 | 2 | |a A szeged-vidéki parasztház és az alföldi magyar háztípus |h [elektronikus dokumentum] / |c Cs. Sebestyén Károly |
| 260 | |c 1933 | ||
| 300 | |a 59-69 | ||
| 490 | 0 | |a Népünk és nyelvünk |v 5 | |
| 695 | |a Néprajztudomány | ||
| 856 | 4 | 0 | |u http://acta.bibl.u-szeged.hu/19821/1/nepunk_005_059-069.pdf |z Dokumentum-elérés |